000 00595nam a22001817a 4500
003 OSt
005 20110516103637.0
008 110514t xxu||||| |||| 00| 0 eng d
020 _a0406991472
040 _aLDC
082 _a031 ENC
245 _aThe Encyclopaedia of forms and precedents : Ecclesiastical Law (including Religious Gifts), Education Vol.13 (2) /
250 _a5th ed. _
260 _aLondon :
_bButterworths,
_c1996-
300 _av;
942 _2ddc
_cREF
999 _c2006
_d2006